[Event "HUN-chT2 Asztalos 1819"]
[Site "Hungary"]
[Date "2019.03.31"]
[Round "8.4"]
[White "Konig, Balazs"]
[Black "Kohalmi, Endre"]
[Result "1-0"]
[WhiteElo "2105"]
[BlackElo "1861"]
[PlyCount "69"]
[EventDate "2018.10.28"]
[EventType "team-tourn"]
[EventRounds "9"]
[EventCountry "HUN"]
[SourceTitle "EXT 2021"]
[Source "ChessBase"]
[SourceDate "2020.10.23"]
[SourceVersion "1"]
[SourceVersionDate "2020.10.23"]
[SourceQuality "1"]
[WhiteTeam "Nagyatad"]
[BlackTeam "Szentlorinc"]
[WhiteTeamCountry "HUN"]
[BlackTeamCountry "HUN"]

1. d4 c6 2. c4 d5 3. cxd5 cxd5 4. Nc3 Nc6 5. e4 e6 6. exd5 exd5 7. Nf3 Nf6 8. Bb5 a6 9. Bxc6+ bxc6 10. 0-0 Be7 11. Ne5 Bd7 12. Bf4 0-0 13. Rc1 Qb6 14. Na4 Qb7 15. Qc2 Rac8 16. Bg5 Be8 17. Qf5 h6 18. Bxf6 Bxf6 19. Nc5 Qa8 20. Ned7 Bxd7 21. Nxd7 Bxd4 22. Nxf8 Rxf8 23. Rc2 Qb7 24. b4 Re8 25. a3 Re6 26. Qd3 Ba7 27. Re2 Rxe2 28. Qxe2 c5 29. bxc5 Bxc5 30. Qd3 Qc6 31. Rd1 d4 32. Rc1 Qd6 33. Qf5 Bb6 34. Rc8+ Bd8 35. Qa5 1-0

[Event "HUN-chT2 Asztalos 1819"]
[Site "Hungary"]
[Date "2019.01.27"]
[Round "4.4"]
[White "Rein, Viktor"]
[Black "Konig, Balazs"]
[Result "0-1"]
[WhiteElo "1923"]
[BlackElo "2105"]
[PlyCount "92"]
[EventDate "2018.10.28"]
[EventType "team-tourn"]
[EventRounds "9"]
[EventCountry "HUN"]
[SourceTitle "CBM 189 Extra"]
[Source "ChessBase"]
[SourceDate "2019.06.03"]
[SourceVersion "1"]
[SourceVersionDate "2019.06.03"]
[SourceQuality "1"]
[WhiteTeam "Karmin"]
[BlackTeam "Nagyatad"]
[WhiteTeamCountry "HUN"]
[BlackTeamCountry "HUN"]

1. d4 Nf6 2. c4 e6 3. Nc3 d5 4. Bg5 Nbd7 5. e3 c6 6. Nf3 Be7 7. cxd5 exd5 8. Bd3 0-0 9. 0-0 Re8 10. Rc1 Nf8 11. h3 Ng6 12. Nh4 Ne4 13. Bxe7 Nxc3 14. Bxd8 Nxd1 15. Rfxd1 Rxd8 16. Nxg6 hxg6 17. b4 Bf5 18. a4 a6 19. Bxf5 gxf5 20. Rd3 Rd6 21. Rb3 Re8 22. Rcc3 f4 23. exf4 Re4 24. Rd3 Rxf4 25. g3 Re4 26. f3 Re1+ 27. Kf2 Rde6 28. g4 R6e2+ 29. Kg3 g5 30. f4 Rg1+ 31. Kf3 Rh2 32. fxg5 Rxh3+ 33. Kf4 Rxd3 34. Rxd3 Rb1 35. Kf5 Kg7 36. Re3 Rf1+ 37. Ke5 Kg6 38. Kd6 Kxg5 39. Kc7 Rb1 40. Kxb7 Rxb4+ 41. Kxc6 Rxd4 42. a5 Kxg4 43. Kb6 f5 44. Kxa6 f4 45. Re8 f3 46. Kb7 f2 0-1

[Event "HUN-chT2 Asztalos 1819"]
[Site "Hungary"]
[Date "2018.10.28"]
[Round "1.4"]
[White "Konig, Balazs"]
[Black "Remenyi, Lajos Jr"]
[Result "0-1"]
[WhiteElo "2105"]
[BlackElo "1980"]
[PlyCount "72"]
[EventDate "2018.10.28"]
[EventType "team-tourn"]
[EventRounds "9"]
[EventCountry "HUN"]
[SourceTitle "CBM 189 Extra"]
[Source "ChessBase"]
[SourceDate "2019.06.03"]
[SourceVersion "1"]
[SourceVersionDate "2019.06.03"]
[SourceQuality "1"]
[WhiteTeam "Nagyatad"]
[BlackTeam "Kiraly Sakk"]
[WhiteTeamCountry "HUN"]
[BlackTeamCountry "HUN"]

1. d4 Nf6 2. Nc3 d6 3. e4 Nbd7 4. f4 c5 5. d5 g6 6. Nf3 Bg7 7. e5 dxe5 8. fxe5 Ng4 9. e6 fxe6 10. Ng5 Ndf6 11. Bb5+ Kf8 12. 0-0 exd5 13. Nxd5 Bf5 14. Rxf5 gxf5 15. Ne6+ Kf7 16. Nxd8+ Rhxd8 17. Bc4 e6 18. Bg5 Ne4 19. c3 Nxg5 20. Qb3 exd5 21. Bxd5+ Kf8 22. h4 Ne4 23. Qxb7 Ne5 24. Rf1 Ng3 25. Rd1 Rab8 26. Qc7 Rbc8 27. Qb7 Ne2+ 28. Kf2 Nf4 29. Kf1 c4 30. Qb4+ Ke8 31. Qa4+ Ke7 32. Qxa7+ Rd7 33. Qa3+ Kf6 34. Qa6+ Rc6 35. Bxc6 Rxd1+ 36. Kf2 Rd6 0-1

[Event "HUN-chT2 Asztalos 1718"]
[Site "Hungary"]
[Date "2017.12.03"]
[Round "3.4"]
[White "Varga, Zsolt"]
[Black "Konig, Balazs"]
[Result "1/2-1/2"]
[WhiteElo "1986"]
[BlackElo "2124"]
[PlyCount "28"]
[EventDate "2017.10.29"]
[EventType "team-tourn"]
[EventRounds "9"]
[EventCountry "HUN"]
[SourceTitle "EXT 2021"]
[Source "ChessBase"]
[SourceDate "2020.10.23"]
[SourceVersion "1"]
[SourceVersionDate "2020.10.23"]
[SourceQuality "1"]
[WhiteTeam "Pecs Karmin"]
[BlackTeam "Nagyatad"]
[WhiteTeamCountry "HUN"]
[BlackTeamCountry "HUN"]

1. e4 d5 2. exd5 Nf6 3. d4 Nxd5 4. Nf3 g6 5. Be2 Bg7 6. 0-0 0-0 7. c4 Nb6 8. Nc3 Nc6 9. Be3 Bg4 10. c5 Nd5 11. Qb3 Nxe3 12. fxe3 Bh6 13. Nd1 e5 14. Qxb7 Qd5 1/2-1/2

[Event "HUN-chT2 Asztalos 1617"]
[Site "Hungary"]
[Date "2017.04.09"]
[Round "11.4"]
[White "Konig, Balazs"]
[Black "Grunwald, Matyas"]
[Result "1/2-1/2"]
[WhiteElo "2139"]
[BlackElo "1921"]
[PlyCount "39"]
[EventDate "2016.09.25"]
[EventType "team-tourn"]
[EventRounds "11"]
[EventCountry "HUN"]
[SourceTitle "EXT 2021"]
[Source "ChessBase"]
[SourceDate "2020.10.23"]
[SourceVersion "1"]
[SourceVersionDate "2020.10.23"]
[SourceQuality "1"]
[WhiteTeam "Nagyatad"]
[BlackTeam "Komlo Banyasz II"]
[WhiteTeamCountry "HUN"]
[BlackTeamCountry "HUN"]

1. d4 Nf6 2. c4 e5 3. dxe5 Ng4 4. Nf3 Nc6 5. e3 Bb4+ 6. Nbd2 0-0 7. a3 Bxd2+ 8. Bxd2 Ngxe5 9. Bc3 d6 10. Be2 Be6 11. b3 Rb8 12. 0-0 a6 13. Nd4 Nxd4 14. Qxd4 f6 15. Rfd1 Qe7 16. e4 Bf7 17. Bf1 Rbe8 18. Re1 b5 19. cxb5 axb5 20. b4 1/2-1/2

[Event "HUN-chT2 Asztalos 1617"]
[Site "Hungary"]
[Date "2017.02.26"]
[Round "9.4"]
[White "Konig, Balazs"]
[Black "Magony, Tamas"]
[Result "1/2-1/2"]
[WhiteElo "2139"]
[BlackElo "2140"]
[PlyCount "83"]
[EventDate "2016.09.25"]
[EventType "team-tourn"]
[EventRounds "11"]
[EventCountry "HUN"]
[SourceTitle "EXT 2021"]
[Source "ChessBase"]
[SourceDate "2020.10.23"]
[SourceVersion "1"]
[SourceVersionDate "2020.10.23"]
[SourceQuality "1"]
[WhiteTeam "Nagyatad"]
[BlackTeam "Baja"]
[WhiteTeamCountry "HUN"]
[BlackTeamCountry "HUN"]

1. d4 d5 2. c4 c6 3. cxd5 cxd5 4. Nc3 Nf6 5. Nf3 Nc6 6. Bf4 e6 7. e3 a6 8. Bd3 Be7 9. Rc1 0-0 10. Ne5 Bd7 11. 0-0 Rc8 12. Bb1 b5 13. Qd3 Nb4 14. Qe2 Ne8 15. a3 Nc6 16. Qf3 f5 17. Nxd5 Nxe5 18. Nxe7+ Qxe7 19. Bxe5 Nd6 20. Ba2 Ne4 21. Rxc8 Bxc8 22. Qe2 Bb7 23. Rc1 Nd6 24. Rc5 Rc8 25. Rxc8+ Nxc8 26. Qc2 g6 27. h4 Kf7 28. h5 Qd7 29. hxg6+ hxg6 30. f3 Qc6 31. Qd2 Ne7 32. e4 fxe4 33. Qf4+ Ke8 34. fxe4 Qxe4 35. Qxe4 Bxe4 36. Bxe6 Bd5 37. Bg4 Nf5 38. Kf2 Kf7 39. g3 Ke6 40. Ke2 Be4 41. Kd2 Kd5 42. Bd1 1/2-1/2

[Event "HUN-chT2 Asztalos 1617"]
[Site "Hungary"]
[Date "2016.11.27"]
[Round "5.4"]
[White "Keszi, Janos"]
[Black "Konig, Balazs"]
[Result "0-1"]
[WhiteElo "2021"]
[BlackElo "2139"]
[PlyCount "60"]
[EventDate "2016.09.25"]
[EventType "team-tourn"]
[EventRounds "11"]
[EventCountry "HUN"]
[SourceTitle "EXT 2021"]
[Source "ChessBase"]
[SourceDate "2020.10.23"]
[SourceVersion "1"]
[SourceVersionDate "2020.10.23"]
[SourceQuality "1"]
[WhiteTeam "Sarosd"]
[BlackTeam "Nagyatad"]
[WhiteTeamCountry "HUN"]
[BlackTeamCountry "HUN"]

1. d4 c5 2. d5 Nf6 3. c4 b5 4. cxb5 a6 5. bxa6 Bxa6 6. Nc3 d6 7. Nf3 g6 8. g3 Bg7 9. Bg2 0-0 10. 0-0 Nbd7 11. Re1 Ng4 12. h3 Nge5 13. Nxe5 Nxe5 14. Qc2 Qa5 15. Bg5 Ra7 16. Rac1 h6 17. Bf4 Rb8 18. b3 Rab7 19. h4 c4 20. bxc4 Nxc4 21. Qd3 Rb2 22. Qf3 Na3 23. Ne4 Nc2 24. Red1 Nd4 25. Rxd4 Bxd4 26. Bxh6 Bxe2 27. Qf4 Be5 28. Qg5 Rb1 29. Qd2 Qxd2 30. Bxd2 Rxc1+ 0-1

[Event "HUN-chT2 Charousek 1516"]
[Site "Hungary"]
[Date "2016.03.20"]
[Round "7.8"]
[White "Nagy, Kristof"]
[Black "Konig, Balazs"]
[Result "1/2-1/2"]
[WhiteElo "2122"]
[BlackElo "2148"]
[PlyCount "95"]
[EventDate "2015.10.18"]
[EventType "team-tourn"]
[EventRounds "9"]
[EventCountry "HUN"]
[SourceTitle "EXT 2017"]
[Source "ChessBase"]
[SourceDate "2016.10.25"]
[SourceVersion "1"]
[SourceVersionDate "2016.10.25"]
[SourceQuality "1"]
[WhiteTeam "SZASTE"]
[BlackTeam "Komlo"]
[WhiteTeamCountry "HUN"]
[BlackTeamCountry "HUN"]

1. e4 e6 2. d3 d5 3. Nd2 c5 4. Ngf3 Nc6 5. g3 Nf6 6. Bg2 Be7 7. 0-0 0-0 8. e5 Nd7 9. Re1 Qc7 10. Qe2 b5 11. Nf1 Bb7 12. Bf4 Nd4 13. Qd2 Nxf3+ 14. Bxf3 d4 15. Be4 Rfe8 16. h4 Nb6 17. h5 Nd5 18. Nh2 c4 19. Bxd5 c3 20. bxc3 dxc3 21. Qe2 Bxd5 22. Qg4 a5 23. Bh6 g6 24. Bg5 Bxg5 25. Qxg5 Qe7 26. Qh6 Qf8 27. Qg5 Qe7 28. Qf4 gxh5 29. Qh6 Qf8 30. Qxh5 Qg7 31. Qh4 Qg6 32. Ng4 Kg7 33. Nf6 Bc6 34. Nxe8+ Rxe8 35. Re3 Bd5 36. a3 h5 37. f3 b4 38. axb4 axb4 39. Kf2 Rb8 40. Qd4 b3 41. Qxc3 Qf5 42. Re4 b2 43. Rb1 Bxe4 44. dxe4 Qh3 45. Qc7 Rb5 46. Qc4 Qh2+ 47. Ke3 Rb8 48. Qc7 1/2-1/2

[Event "HUN-chT2 Asztalos 1415"]
[Site "Hungary"]
[Date "2015.04.26"]
[Round "9"]
[White "Konig, Balazs"]
[Black "Werner, Anna"]
[Result "1/2-1/2"]
[WhiteElo "2156"]
[BlackElo "1965"]
[PlyCount "23"]
[EventDate "2014.10.12"]
[EventType "team-tourn"]
[EventRounds "9"]
[EventCountry "HUN"]
[SourceTitle "EXT 2016"]
[Source "ChessBase"]
[SourceDate "2015.10.08"]
[SourceVersion "1"]
[SourceVersionDate "2015.10.08"]
[SourceQuality "1"]
[WhiteTeam "Nagyatad"]
[BlackTeam "Decs II"]
[WhiteTeamCountry "HUN"]
[BlackTeamCountry "HUN"]

1. d4 d5 2. c4 e6 3. Nc3 Nf6 4. Bg5 Be7 5. e3 h6 6. Bxf6 Bxf6 7. Nf3 0-0 8. Qb3 c6 9. Rd1 Qc7 10. Be2 Nd7 11. 0-0 dxc4 12. Qxc4 1/2-1/2

[Event "HUN-chT2 Asztalos 1415"]
[Site "Hungary"]
[Date "2015.03.22"]
[Round "8"]
[White "Szunyogh, Istvan"]
[Black "Konig, Balazs"]
[Result "0-1"]
[WhiteElo "1925"]
[BlackElo "2156"]
[PlyCount "52"]
[EventDate "2014.10.12"]
[EventType "team-tourn"]
[EventRounds "9"]
[EventCountry "HUN"]
[SourceTitle "EXT 2016"]
[Source "ChessBase"]
[SourceDate "2015.10.08"]
[SourceVersion "1"]
[SourceVersionDate "2015.10.08"]
[SourceQuality "1"]
[WhiteTeam "Peti MTE"]
[BlackTeam "Nagyatad"]
[WhiteTeamCountry "HUN"]
[BlackTeamCountry "HUN"]

1. c4 Nf6 2. Nc3 g6 3. g3 Bg7 4. Bg2 0-0 5. Nf3 d6 6. 0-0 c5 7. Rb1 Nc6 8. b3 Rb8 9. Bb2 a6 10. Re1 b5 11. d3 Bd7 12. Nd2 Ne8 13. Nd5 e5 14. e4 Nc7 15. Nxc7 Qxc7 16. Bc3 b4 17. Bb2 Nd4 18. Nf1 f5 19. Ne3 Be6 20. exf5 Nxf5 21. Bd5 Rbe8 22. Bxe6+ Rxe6 23. Qg4 Qf7 24. Nxf5 gxf5 25. Qh3 f4 26. Bc1 fxg3 0-1

[Event "HUN-chT2 Asztalos 1415"]
[Site "Hungary"]
[Date "2015.02.08"]
[Round "6"]
[White "Javor, Sandor"]
[Black "Konig, Balazs"]
[Result "0-1"]
[WhiteElo "2166"]
[BlackElo "2156"]
[PlyCount "60"]
[EventDate "2014.10.12"]
[EventType "team-tourn"]
[EventRounds "9"]
[EventCountry "HUN"]
[SourceTitle "EXT 2016"]
[Source "ChessBase"]
[SourceDate "2015.10.08"]
[SourceVersion "1"]
[SourceVersionDate "2015.10.08"]
[SourceQuality "1"]
[WhiteTeam "Baja Spartacus"]
[BlackTeam "Nagyatad"]
[WhiteTeamCountry "HUN"]
[BlackTeamCountry "HUN"]

1. f4 Nf6 2. Nf3 g6 3. d4 d5 4. e3 Bg7 5. Bd3 c5 6. c3 0-0 7. Nbd2 b6 8. Qe2 Bb7 9. Ne5 Nc6 10. Qf3 Nd7 11. Nxd7 Qxd7 12. 0-0 f6 13. f5 e5 14. fxg6 e4 15. Nxe4 dxe4 16. Bxe4 hxg6 17. Bxg6 Ne7 18. Be4 Bxe4 19. Qxe4 f5 20. Qd3 Rae8 21. Bd2 Ng6 22. Qc4+ Qe6 23. Qxe6+ Rxe6 24. g3 Ne7 25. Rf3 Bh6 26. Kf2 Nd5 27. c4 Nf6 28. d5 Ng4+ 29. Ke2 Re4 30. h3 Ne5 0-1

[Event "HUN-chT2 Asztalos 1314"]
[Site "Hungary"]
[Date "2013.11.03"]
[Round "4"]
[White "Konig, Balazs"]
[Black "Lantos, Levente"]
[Result "1/2-1/2"]
[WhiteElo "2148"]
[BlackElo "2090"]
[PlyCount "58"]
[EventDate "2013.09.08"]
[EventType "team-tourn"]
[EventRounds "9"]
[EventCountry "HUN"]
[SourceTitle "EXT 2016"]
[Source "ChessBase"]
[SourceDate "2015.10.08"]
[SourceVersion "1"]
[SourceVersionDate "2015.10.08"]
[SourceQuality "1"]
[WhiteTeam "Nagyatad"]
[BlackTeam "Szentlorinc"]
[WhiteTeamCountry "HUN"]
[BlackTeamCountry "HUN"]

1. d4 Nf6 2. c4 g6 3. Nc3 Bg7 4. e4 d6 5. f3 0-0 6. Be3 Nc6 7. Nge2 a6 8. d5 Ne5 9. Nd4 c5 10. dxc6 bxc6 11. Be2 c5 12. Nb3 Rb8 13. Rb1 Nfd7 14. 0-0 Nb6 15. Nd2 f5 16. Na4 Nbd7 17. exf5 gxf5 18. b3 Nc6 19. f4 e5 20. fxe5 Ndxe5 21. Nf3 Be6 22. Ng5 Qe7 23. Qd2 Ng4 24. Bxg4 fxg4 25. Nxe6 Qxe6 26. Rbe1 Rxf1+ 27. Kxf1 Rf8+ 28. Kg1 g3 29. hxg3 Qg6 1/2-1/2

[Event "HUN-chT2 Asztalos 1213"]
[Site "Hungary"]
[Date "2013.02.17"]
[Round "7.4"]
[White "Hoflinger, Istvan"]
[Black "Konig, Balazs"]
[Result "0-1"]
[WhiteElo "1914"]
[BlackElo "2161"]
[PlyCount "44"]
[EventDate "2012.09.16"]
[EventType "team-tourn"]
[EventRounds "9"]
[EventCountry "HUN"]
[SourceTitle "EXT 2014"]
[Source "ChessBase"]
[SourceDate "2013.11.20"]
[SourceVersion "1"]
[SourceVersionDate "2013.11.20"]
[SourceQuality "1"]
[WhiteTeam "Dunaujvaros"]
[BlackTeam "Nagyatad"]
[WhiteTeamCountry "HUN"]
[BlackTeamCountry "HUN"]

1. d4 Nf6 2. c4 c5 3. d5 b5 4. cxb5 a6 5. f3 d6 6. e4 g6 7. a4 Bg7 8. Nc3 0-0 9. Bc4 axb5 10. Bxb5 Ba6 11. Bd2 Nbd7 12. Nge2 Ne5 13. 0-0 Qb6 14. Be3 Nc4 15. Bxc4 Bxc4 16. Qd2 Rfb8 17. b4 Qxb4 18. Rfb1 Qa5 19. Qc2 Nd7 20. Bd2 Qa6 21. Nc1 Bd4+ 22. Kh1 Bxd5 0-1

[Event "HUN-chT2 Asztalos 1213"]
[Site "Hungary"]
[Date "2012.11.18"]
[Round "4.5"]
[White "Toth, Zsolt"]
[Black "Konig, Balazs"]
[Result "0-1"]
[WhiteElo "1890"]
[BlackElo "2161"]
[PlyCount "122"]
[EventDate "2012.09.16"]
[EventType "team-tourn"]
[EventRounds "9"]
[EventCountry "HUN"]
[SourceTitle "EXT 2014"]
[Source "ChessBase"]
[SourceDate "2013.11.20"]
[SourceVersion "1"]
[SourceVersionDate "2013.11.20"]
[SourceQuality "1"]
[WhiteTeam "Pecs Karmin"]
[BlackTeam "Nagyatad"]
[WhiteTeamCountry "HUN"]
[BlackTeamCountry "HUN"]

1. d4 Nf6 2. Nf3 c5 3. e3 e6 4. Be2 b6 5. 0-0 Bb7 6. Nbd2 Be7 7. b3 0-0 8. Bb2 d6 9. a4 a6 10. c4 Nbd7 11. Qc2 Rc8 12. Rac1 Qc7 13. Qb1 Rfd8 14. Rfd1 Nf8 15. Qa1 Ng6 16. Bd3 cxd4 17. exd4 Nf4 18. Bf1 Qb8 19. Ba3 Qa8 20. Ne1 Bf8 21. g3 Ng6 22. Bg2 Rc7 23. Bxb7 Qxb7 24. Ndf3 Rdc8 25. Qb2 b5 26. cxb5 axb5 27. Rxc7 Rxc7 28. axb5 Qxb5 29. Ng2 Qf5 30. Nfe1 Ng4 31. Qe2 Rb7 32. Ne3 Nxe3 33. Qxe3 Qd5 34. Rb1 Ne7 35. Qc3 h5 36. Qf3 Qxf3 37. Nxf3 Nd5 38. b4 Nc3 39. Rb3 Nb5 40. Bc1 Be7 41. Bd2 d5 42. h4 Bf6 43. Rd3 Ra7 44. Kg2 Ra1 45. Ne5 Nxd4 46. Nd7 Nb5 47. Nxf6+ gxf6 48. Be3 Kg7 49. Kf3 Kg6 50. Bc5 Kf5 51. Kg2 Ra2 52. Rf3+ Kg6 53. Rd3 Rc2 54. Kf3 Rc4 55. Ke3 Kf5 56. f3 Ke5 57. Be7 d4+ 58. Kd2 Kf5 59. Bc5 e5 60. Be7 Ke6 61. Bf8 f5 0-1

[Event "HUN-chT2 Asztalos 1112"]
[Site "Hungary"]
[Date "2012.05.06"]
[Round "10.3"]
[White "Konig, Balazs"]
[Black "Seres, Sandor"]
[Result "1-0"]
[WhiteElo "2140"]
[BlackElo "2120"]
[PlyCount "77"]
[EventDate "2011.09.25"]
[EventType "team-tourn"]
[EventRounds "11"]
[EventCountry "HUN"]
[SourceTitle "EXT 2013"]
[Source "ChessBase"]
[SourceDate "2012.11.22"]
[SourceVersion "1"]
[SourceVersionDate "2012.11.22"]
[SourceQuality "1"]
[WhiteTeam "Nagyatad"]
[BlackTeam "Mohacs"]
[WhiteTeamCountry "HUN"]
[BlackTeamCountry "HUN"]

1. d4 Nf6 2. Nf3 e6 3. c4 d5 4. Nc3 b6 5. Bg5 Be7 6. cxd5 exd5 7. e3 0-0 8. Qa4 Bb7 9. Ne5 Ne4 10. Bxe7 Qxe7 11. Be2 c5 12. 0-0 f6 13. Nf3 Nxc3 14. bxc3 c4 15. Rfe1 Bc6 16. Qc2 Nd7 17. e4 Qf7 18. Nd2 b5 19. Bf3 Qg6 20. Qb2 Nb6 21. Qa3 dxe4 22. Bxe4 Bxe4 23. Nxe4 f5 24. Nd6 f4 25. f3 Rad8 26. Nxb5 Nd5 27. Re2 Ne3 28. Qc1 Rd5 29. Na3 Rg5 30. Qd2 Qh5 31. Kh1 Ra5 32. Nc2 Nf5 33. Qxf4 g5 34. Qg4 Qg6 35. a3 h5 36. Qe4 Rf7 37. Qe6 Qg7 38. Qe8+ Kh7 39. Rae1 1-0

[Event "HUN-chT2 Asztalos 1112"]
[Site "Hungary"]
[Date "2012.02.19"]
[Round "6.4"]
[White "Vince, Andrea"]
[Black "Konig, Balazs"]
[Result "1/2-1/2"]
[WhiteElo "2132"]
[BlackElo "2140"]
[PlyCount "49"]
[EventDate "2011.09.25"]
[EventType "team-tourn"]
[EventRounds "11"]
[EventCountry "HUN"]
[SourceTitle "EXT 2013"]
[Source "ChessBase"]
[SourceDate "2012.11.22"]
[SourceVersion "1"]
[SourceVersionDate "2012.11.22"]
[SourceQuality "1"]
[WhiteTeam "Decs II"]
[BlackTeam "Nagyatad"]
[WhiteTeamCountry "HUN"]
[BlackTeamCountry "HUN"]

1. d4 d5 2. c4 e6 3. Nc3 Nf6 4. cxd5 exd5 5. Bg5 Be7 6. e3 Nbd7 7. Bd3 c6 8. Qc2 0-0 9. Nf3 Re8 10. 0-0 Nf8 11. a3 Ng6 12. b4 Ne4 13. Bf4 Nxf4 14. exf4 f5 15. b5 Bd7 16. bxc6 Bxc6 17. Rfc1 Rc8 18. Qb3 Bf6 19. Ne5 Bxe5 20. fxe5 Kh8 21. Bxe4 fxe4 22. Nd1 Qd7 23. Ne3 b6 24. h3 Bb7 25. Qd1 1/2-1/2

[Event "HUN-chT2 Asztalos 1112"]
[Site "Hungary"]
[Date "2012.01.29"]
[Round "5.4"]
[White "Klimko, Csaba"]
[Black "Konig, Balazs"]
[Result "0-1"]
[WhiteElo "2128"]
[BlackElo "2140"]
[PlyCount "94"]
[EventDate "2011.09.25"]
[EventType "team-tourn"]
[EventRounds "11"]
[EventCountry "HUN"]
[SourceTitle "EXT 2013"]
[Source "ChessBase"]
[SourceDate "2012.11.22"]
[SourceVersion "1"]
[SourceVersionDate "2012.11.22"]
[SourceQuality "1"]
[WhiteTeam "Dunaujvaros"]
[BlackTeam "Nagyatad"]
[WhiteTeamCountry "HUN"]
[BlackTeamCountry "HUN"]

1. e4 d5 2. exd5 Nf6 3. d4 Nxd5 4. c4 Nb4 5. Qa4+ N8c6 6. a3 Na6 7. Be3 Bd7 8. Qc2 e5 9. d5 Nd4 10. Bxd4 exd4 11. b4 c5 12. dxc6 Qe7+ 13. Qe2 bxc6 14. Nf3 c5 15. b5 Nc7 16. Qxe7+ Bxe7 17. Bd3 Ne6 18. Ne5 g6 19. Nd2 Bd6 20. Nxd7 Kxd7 21. g3 f5 22. f4 Rae8 23. Kf2 Re7 24. h4 Rhe8 25. a4 Ng7 26. Rhe1 Nh5 27. Rxe7+ Rxe7 28. Nf1 Nf6 29. Ra2 Ne4+ 30. Bxe4 fxe4 31. Ke2 Bc7 32. a5 Ke6 33. b6 axb6 34. axb6 Bxb6 35. Ra6 Rb7 36. g4 Kf7 37. Ng3 e3 38. Ne4 Bc7 39. Nxc5 Rb2+ 40. Ke1 Bxf4 41. Ra7+ Ke8 42. Ra8+ Ke7 43. Ra7+ Kd6 44. Ne4+ Kc6 45. Ra6+ Kc7 46. Ra3 Rc2 47. c5 Kc6 0-1

[Event "HUN-chT2 Charousek 1011"]
[Site "Hungary"]
[Date "2011.03.27"]
[Round "7"]
[White "Toth, Gergely"]
[Black "Konig, Balazs"]
[Result "1-0"]
[WhiteElo "2131"]
[BlackElo "2168"]
[PlyCount "35"]
[EventDate "2010.09.12"]
[EventType "team-tourn"]
[EventRounds "11"]
[EventCountry "HUN"]
[SourceTitle "EXT 2012"]
[Source "ChessBase"]
[SourceDate "2011.11.24"]
[SourceVersion "1"]
[SourceVersionDate "2011.11.24"]
[SourceQuality "1"]
[WhiteTeam "Paks II"]
[BlackTeam "Pannonpower"]
[WhiteTeamCountry "HUN"]
[BlackTeamCountry "HUN"]

1. e4 e6 2. d4 d5 3. Nc3 dxe4 4. Nxe4 Nd7 5. Nf3 Ngf6 6. Bg5 h6 7. Nxf6+ Nxf6 8. Be3 Nd5 9. Bd3 Nxe3 10. fxe3 Be7 11. 0-0 Bd7 12. Ne5 Bf6 13. Qh5 0-0 14. Rxf6 gxf6 15. Qxh6 f5 16. Rf1 Bc6 17. Nxc6 bxc6 18. Rf3 1-0

[Event "HUN-chT2 Charousek 1011"]
[Site "Hungary"]
[Date "2010.10.24"]
[Round "4"]
[White "Konig, Balazs"]
[Black "Mihalik, Agoston"]
[Result "1-0"]
[WhiteElo "2168"]
[BlackElo "2199"]
[PlyCount "97"]
[EventDate "2010.09.12"]
[EventType "team-tourn"]
[EventRounds "11"]
[EventCountry "HUN"]
[SourceTitle "EXT 2012"]
[Source "ChessBase"]
[SourceDate "2011.11.24"]
[SourceVersion "1"]
[SourceVersionDate "2011.11.24"]
[SourceQuality "1"]
[WhiteTeam "Pannonpower"]
[BlackTeam "Haladas II"]
[WhiteTeamCountry "HUN"]
[BlackTeamCountry "HUN"]

1. d4 d6 2. Nc3 Nf6 3. e4 c6 4. Nf3 Qa5 5. Bd2 Qc7 6. e5 Nd5 7. Nxd5 cxd5 8. Bd3 Bg4 9. h3 Bxf3 10. Qxf3 e6 11. exd6 Bxd6 12. 0-0 0-0 13. Rae1 Nc6 14. c3 Rfe8 15. Re2 Rab8 16. Rfe1 b5 17. a3 Ne7 18. h4 Ng6 19. h5 Nf4 20. Bxf4 Bxf4 21. Qxd5 Bd2 22. Qf5 Bxe1 23. Qxh7+ Kf8 24. Rxe1 f5 25. Re5 Re7 26. h6 gxh6 27. Qxh6+ Kg8 28. Qg6+ Kf8 29. Qf6+ Rf7 30. Qxe6 Rb6 31. Qe8+ Kg7 32. Bxf5 Rb8 33. Qe6 Rb6 34. Qd5 Qb7 35. Qxb7 Rbxb7 36. Bd3 a6 37. g3 Rbe7 38. Rxe7 Rxe7 39. Kf1 Kf6 40. f3 Rg7 41. Kf2 Rb7 42. Ke3 Re7+ 43. Be4 a5 44. Kd3 Rg7 45. g4 Kg5 46. b3 Kf4 47. c4 bxc4+ 48. bxc4 a4 49. c5 1-0

[Event "HUN-chT2 Asztalos 1011"]
[Site "Hungary"]
[Date "2010.10.10"]
[Round "3.1"]
[White "Konig, Balazs"]
[Black "Haszon, David"]
[Result "0-1"]
[WhiteElo "2168"]
[BlackElo "2162"]
[PlyCount "82"]
[EventDate "2010.09.12"]
[EventType "team-tourn"]
[EventRounds "11"]
[EventCountry "HUN"]
[SourceTitle "EXT 2012"]
[Source "ChessBase"]
[SourceDate "2011.11.24"]
[SourceVersion "1"]
[SourceVersionDate "2011.11.24"]
[SourceQuality "1"]
[WhiteTeam "Pannonpower II"]
[BlackTeam "Marcali"]
[WhiteTeamCountry "HUN"]
[BlackTeamCountry "HUN"]

1. Nf3 Nf6 2. g3 g6 3. Bg2 d5 4. 0-0 Bg7 5. c4 0-0 6. d3 c6 7. Nc3 Nbd7 8. cxd5 Nxd5 9. Nxd5 cxd5 10. d4 Qb6 11. Qb3 Nf6 12. Bf4 Bg4 13. Qxb6 axb6 14. a3 Ne4 15. Rfc1 Rfc8 16. Rc7 Rxc7 17. Bxc7 Bxf3 18. exf3 Nd2 19. Bxb6 Ra6 20. Bc5 Nb3 21. Rd1 e6 22. Bf1 Rc6 23. Bb5 Rc8 24. a4 Nxc5 25. dxc5 Bxb2 26. Rd2 Ba3 27. Rc2 Bxc5 28. a5 Kf8 29. a6 bxa6 30. Bxa6 Rc7 31. Kf1 Ke7 32. Ke2 Kd6 33. f4 f6 34. Bd3 Ra7 35. h4 e5 36. fxe5+ fxe5 37. f3 Ra1 38. g4 Rh1 39. h5 gxh5 40. Bxh7 hxg4 41. Bd3 Rh2+ 0-1

[Event "Pecs Karmin Cup 3rd"]
[Site "Pecs"]
[Date "2010.06.22"]
[Round "5"]
[White "Kiss, Tamas B"]
[Black "Konig, Balazs"]
[Result "1/2-1/2"]
[WhiteElo "1927"]
[BlackElo "2137"]
[PlyCount "45"]
[EventDate "2010.06.18"]
[EventType "swiss"]
[EventRounds "9"]
[EventCountry "HUN"]
[SourceTitle "CBM 137 Extra"]
[Source "ChessBase"]
[SourceDate "2010.09.01"]
[SourceVersion "1"]
[SourceVersionDate "2010.09.01"]
[SourceQuality "1"]

1. d4 Nf6 2. c4 e6 3. Nc3 d5 4. Nf3 Be7 5. e3 0-0 6. Bd3 b6 7. 0-0 Bb7 8. b3 Nbd7 9. Qc2 c5 10. Bb2 Rc8 11. Rfd1 cxd4 12. Nxd4 Ne5 13. Be2 Qd7 14. cxd5 Nxd5 15. Nf3 Nxf3+ 16. Bxf3 Qc7 17. Bxd5 Bxd5 18. Qe2 Bc6 19. Rac1 Qb7 20. Nb5 Bxb5 21. Qxb5 Rfd8 22. Qe2 Rxc1 23. Rxc1 1/2-1/2